Normal view MARC view

Entry Personal Name

Number of records used in: 2

001 - CONTROL NUMBER

  • control field: 55338

003 - CONTROL NUMBER IDENTIFIER

  • control field: OSt

005 - DATE AND TIME OF LATEST TRANSACTION

  • control field: 20241119151626.0

008 - FIXED-LENGTH DATA ELEMENTS

  • fixed length control field: 241119|| aca||aabn | a|a d

040 ## - CATALOGING SOURCE

  • Original cataloging agency: OSt
  • Transcribing agency: OSt

100 ## - HEADING--PERSONAL NAME

  • Personal name: အုံးခင် ၊ ဦး(မိုးကြိုး)
  • Titles and other words associated with a name: ဒိဋ္ဌိသတ်-တဏှာသတ်

670 ## - SOURCE DATA FOUND

  • Source citation: Work cat.: (OSt)6971: အုံးခင် ၊ ဦး(မိုးကြိုး) ဒိဋ္ဌိသတ်-တဏှာသတ်, သဲအင်းဂူဆရာတော်ဘုရား၏ဒိဋ္ဌိသတ်-တဏှာသတ် /, ၁၉၇၀။

Library - 09407999929
Admin Office - 09407999979
Dean Office - 09250910768
Registrar Office - 09892297154
Email - [email protected]
Shan State Buddhist University, Phaya Phyu Taunggyi, Shan State, Myanmar.